[Event "Gibraltar Masters 9th"]
[Site "Caleta"]
[Date "2011.01.29"]
[Round "5"]
[White "Calzetta Ruiz, Monica"]
[Black "Brown, David"]
[Result "1-0"]
[WhiteElo "2284"]
[BlackElo "1923"]
[PlyCount "73"]
[EventDate "2011.01.25"]
[EventType "swiss"]
[EventRounds "10"]
[EventCountry "GGB"]
[SourceTitle "CBM 141"]
[Source "ChessBase"]
[SourceDate "2011.03.17"]
[SourceVersion "1"]
[SourceVersionDate "2011.03.17"]
[SourceQuality "1"]

1. e4 e5 2. Nf3 Nc6 3. Bb5 Nf6 4. Qe2 d6 5. c3 Bd7 6. 0-0 g6 7. d4 Qe7 8. d5 Nd8 9. Bxd7+ Nxd7 10. c4 Bg7 11. Nc3 0-0 12. Rb1 f5 13. b4 a5 14. a3 f4 15. Nb5 Nf6 16. c5 Ne8 17. cxd6 cxd6 18. bxa5 Rxa5 19. Bd2 Ra8 20. Bb4 Rf7 21. Rfc1 Bf8 22. Rb3 Qf6 23. Rbc3 Rd7 24. Rc8 Rxc8 25. Rxc8 h5 26. h4 Be7 27. Ng5 Qg7 28. Qf3 Bxg5 29. hxg5 Qe7 30. Qh3 Kg7 31. Kf1 Nf7 32. Qe6 Nxg5 33. Qxe7+ Rxe7 34. Nxd6 Nxd6 35. Bxd6 Rd7 36. Bxe5+ Kf7 37. f3 1-0

[Event "Gibraltar Masters 9th"]
[Site "Caleta"]
[Date "2011.01.28"]
[Round "4"]
[White "Brown, David"]
[Black "Freuler, Roman"]
[Result "1-0"]
[WhiteElo "1923"]
[BlackElo "2092"]
[PlyCount "73"]
[EventDate "2011.01.25"]
[EventType "swiss"]
[EventRounds "10"]
[EventCountry "GGB"]
[SourceTitle "CBM 141"]
[Source "ChessBase"]
[SourceDate "2011.03.17"]
[SourceVersion "1"]
[SourceVersionDate "2011.03.17"]
[SourceQuality "1"]

1. e4 c5 2. Nf3 d6 3. d4 cxd4 4. Nxd4 Nf6 5. Nc3 Nc6 6. Be2 e5 7. Nb3 Be6 8. 0-0 Be7 9. f4 exf4 10. Bxf4 0-0 11. Kh1 Rc8 12. Qe1 Ne5 13. Rd1 Qc7 14. Nd4 Rfd8 15. Qg3 a6 16. Bg5 Kh8 17. Nf5 Bxf5 18. Rxf5 Rd7 19. Qh3 Qd8 20. Bxf6 Bxf6 21. Nd5 Rxc2 22. Nxf6 gxf6 23. Bf1 Rdc7 24. Rh5 Qg8 25. Rxd6 Qg6 26. Rxe5 fxe5 27. Rxg6 fxg6 28. Qe6 R2c5 29. h4 Kg7 30. Kh2 a5 31. b3 b5 32. Qb6 b4 33. Bc4 R7c6 34. Qd8 Rc7 35. g4 Rc8 36. Qe7+ Kh6 37. Kg3 1-0

[Event "Gibraltar Masters 9th"]
[Site "Caleta"]
[Date "2011.01.25"]
[Round "1"]
[White "Brown, David"]
[Black "Lipecki, Alexander"]
[Result "1/2-1/2"]
[WhiteElo "1923"]
[BlackElo "2126"]
[PlyCount "33"]
[EventDate "2011.01.25"]
[EventType "swiss"]
[EventRounds "10"]
[EventCountry "GGB"]
[SourceTitle "CBM 141"]
[Source "ChessBase"]
[SourceDate "2011.03.17"]
[SourceVersion "1"]
[SourceVersionDate "2011.03.17"]
[SourceQuality "1"]

1. e4 g6 2. d4 Bg7 3. c3 d6 4. Nf3 Nf6 5. Bd3 Bg4 6. Be3 Nc6 7. Nbd2 e5 8. h3 Bd7 9. dxe5 Nxe5 10. Nxe5 dxe5 11. Qe2 Bc6 12. 0-0-0 Qe7 13. Nb3 b6 14. Bb5 Qe6 15. Bc4 Qe7 16. Bb5 Qe6 17. Bc4 1/2-1/2

[Event "Malaga op 13th"]
[Site "Malaga"]
[Date "2010.02.27"]
[Round "9"]
[White "Brown, David"]
[Black "Cisnero Alvarez, Juan Jose"]
[Result "0-1"]
[WhiteElo "1918"]
[BlackElo "2110"]
[PlyCount "92"]
[EventDate "2010.02.20"]
[EventType "swiss"]
[EventRounds "9"]
[EventCountry "ESP"]
[SourceTitle "CBM 135 Extra"]
[Source "ChessBase"]
[SourceDate "2010.05.04"]
[SourceVersion "1"]
[SourceVersionDate "2010.05.04"]
[SourceQuality "1"]

1. e4 g6 2. d4 Bg7 3. c3 d6 4. Nf3 Nf6 5. Bd3 0-0 6. 0-0 c5 7. dxc5 dxc5 8. Qe2 Qc7 9. a4 Nc6 10. Na3 a6 11. h3 e5 12. Be3 b6 13. Rfd1 Nh5 14. Rd2 Nf4 15. Bxf4 exf4 16. Rad1 Na5 17. Bc4 Nxc4 18. Nxc4 Rb8 19. Nd6 Be6 20. c4 h6 21. e5 Rfd8 22. Nh2 Qc6 23. b3 Rd7 24. Ng4 Rbd8 25. Ne4 Bxg4 26. hxg4 Rxd2 27. Rxd2 Rxd2 28. Nxd2 Qe6 29. Nf3 Qxg4 30. Qe4 a5 31. Qa8+ Kh7 32. Qb7 Qe6 33. Qc7 g5 34. Qd6 g4 35. Nh4 Bxe5 36. Qd3+ Kg7 37. Nf5+ Kf6 38. Nxh6 Kg5 39. Ng8 Bd6 40. Qd2 Kg6 41. g3 Kg7 42. gxf4 Kxg8 43. f5 Qf6 44. Qd5 Qe5 45. Qa8+ Kg7 46. f6+ Qxf6 0-1

[Event "Malaga op 13th"]
[Site "Malaga"]
[Date "2010.02.26"]
[Round "8"]
[White "Garcia Albarracin, Jose Antonio"]
[Black "Brown, David"]
[Result "0-1"]
[WhiteElo "2006"]
[BlackElo "1918"]
[PlyCount "82"]
[EventDate "2010.02.20"]
[EventType "swiss"]
[EventRounds "9"]
[EventCountry "ESP"]
[SourceTitle "CBM 135 Extra"]
[Source "ChessBase"]
[SourceDate "2010.05.04"]
[SourceVersion "1"]
[SourceVersionDate "2010.05.04"]
[SourceQuality "1"]

1. Nf3 d5 2. g3 Nf6 3. Bg2 c6 4. 0-0 Bf5 5. d3 h6 6. b3 e6 7. Bb2 Be7 8. Nbd2 0-0 9. Re1 Bh7 10. e4 a5 11. h3 a4 12. Nh2 axb3 13. axb3 Rxa1 14. Qxa1 Nbd7 15. e5 Ne8 16. Qa7 Qb8 17. Ra1 Nc7 18. Qe3 b5 19. d4 b4 20. c4 bxc3 21. Bxc3 Nb5 22. Bb2 c5 23. Nhf3 cxd4 24. Nxd4 Bc5 25. N2f3 Nxd4 26. Bxd4 Bxd4 27. Qxd4 Qxb3 28. Ra7 Qb1+ 29. Kh2 Qb5 30. g4 Be4 31. h4 Rd8 32. Ra1 Qd3 33. Qxd3 Bxd3 34. Ne1 Be2 35. Bf3 Bc4 36. g5 hxg5 37. hxg5 Nxe5 38. Bd1 Nd3 39. Ng2 Nxf2 40. g6 Nxd1 41. gxf7+ Kxf7 0-1

[Event "Malaga op 13th"]
[Site "Malaga"]
[Date "2010.02.21"]
[Round "3"]
[White "Brown, David"]
[Black "Lopez Gonzalez, Daniel"]
[Result "0-1"]
[WhiteElo "1918"]
[BlackElo "2202"]
[PlyCount "88"]
[EventDate "2010.02.20"]
[EventType "swiss"]
[EventRounds "9"]
[EventCountry "ESP"]
[SourceTitle "CBM 135 Extra"]
[Source "ChessBase"]
[SourceDate "2010.05.04"]
[SourceVersion "1"]
[SourceVersionDate "2010.05.04"]
[SourceQuality "1"]

1. e4 c5 2. Nf3 d6 3. Nc3 Nf6 4. d4 cxd4 5. Nxd4 a6 6. Be2 e5 7. Nb3 Be7 8. 0-0 0-0 9. Be3 Be6 10. f4 Qc7 11. f5 Bc4 12. g4 h6 13. h4 d5 14. g5 hxg5 15. hxg5 Nxe4 16. Nxe4 dxe4 17. Bxc4 Qxc4 18. Qh5 Nc6 19. g6 fxg6 20. fxg6 Rf3 21. Rxf3 exf3 22. Rf1 Qh4 23. Qxh4 Bxh4 24. Rxf3 Ne7 25. Rf7 b5 26. Nc5 Nxg6 27. Rc7 Nf4 28. Bf2 Nh3+ 29. Kg2 Nxf2 30. Ne6 g5 31. Rg7+ Kh8 32. Rg6 Rc8 33. c3 Kh7 34. Rg7+ Kh6 35. Ra7 Rc6 36. Nf8 Kh5 37. Nd7 Ng4 38. Kf3 e4+ 39. Ke2 Nf6 40. Ne5 Re6 41. Nf7 Kg4 42. Nh6+ Kh3 43. Nf5 Nd5 44. Nd4 Rf6 0-1

[Event "Malaga op 13th"]
[Site "Malaga"]
[Date "2010.02.20"]
[Round "1"]
[White "Brown, David"]
[Black "Bellon Lopez, Juan Manuel"]
[Result "1/2-1/2"]
[WhiteElo "1918"]
[BlackElo "2440"]
[PlyCount "207"]
[EventDate "2010.02.20"]
[EventType "swiss"]
[EventRounds "9"]
[EventCountry "ESP"]
[SourceTitle "CBM 135 Extra"]
[Source "ChessBase"]
[SourceDate "2010.05.04"]
[SourceVersion "1"]
[SourceVersionDate "2010.05.04"]
[SourceQuality "1"]

1. e4 c5 2. Nf3 e6 3. d4 cxd4 4. Nxd4 Nf6 5. Bd3 Bc5 6. Nb3 Be7 7. 0-0 d6 8. c4 Nbd7 9. Qe2 a6 10. Nc3 Qc7 11. Bf4 Ne5 12. Rac1 b6 13. Rfd1 Bb7 14. Nd2 Nxd3 15. Qxd3 Nd7 16. Nf3 Ne5 17. Nxe5 dxe5 18. Bxe5 Qc6 19. Qg3 Rg8 20. Bd6 Bf6 21. Be5 Be7 22. Bd6 Bd8 23. Re1 f6 24. Nd5 Kf7 25. Nb4 Qd7 26. Rcd1 Qc8 27. Qd3 a5 28. Nc2 Ra7 29. Nd4 Ba6 30. Nb5 Rd7 31. e5 f5 32. b3 Bxb5 33. cxb5 Be7 34. Qf3 Rgd8 35. Rc1 Qb7 36. Qxb7 Rxb7 37. Rc6 Rdd7 38. f4 g5 39. g3 h5 40. Re2 g4 41. Rec2 h4 42. Bxe7 Rd1+ 43. Kf2 hxg3+ 44. hxg3 Kxe7 45. Ke2 Rg1 46. Kf2 Ra1 47. Ke2 Rg1 48. Kf2 Rh1 49. Ke3 Rf1 50. Rh2 Rf3+ 51. Ke2 Kf8 52. Rxe6 Rxg3 53. Rf6+ Rf7 54. Rxb6 a4 55. bxa4 Ra3 56. Rh8+ Kg7 57. Rbh6 Rxa2+ 58. Kf1 Ra1+ 59. Kg2 Rxa4 60. R8h7+ Kg8 61. Rxf7 Kxf7 62. Rf6+ Ke7 63. Rxf5 Ra3 64. Rg5 Ke6 65. Rxg4 Kf5 66. Rg3 Ra2+ 67. Kh3 Rb2 68. e6 Kxe6 69. Rg5 Kf6 70. Kg4 Rb1 71. Rf5+ Ke6 72. Re5+ Kf6 73. Kf3 Rb3+ 74. Ke4 Rb4+ 75. Kf3 Rb1 76. Rc5 Ke6 77. Re5+ Kf6 78. Rc5 Ke6 79. f5+ Kd6 80. Rc6+ Kd7 81. Rb6 Kc7 82. Rc6+ Kd7 83. Rb6 Kc7 84. Re6 Rxb5 85. Kf4 Kd7 86. Kg5 Rb1 87. Re4 Rf1 88. Kg6 Kd6 89. f6 Kd7 90. Kf7 Kd6 91. Re6+ Kd7 92. Re4 Kd6 93. Kg6 Rg1+ 94. Kf5 Rf1+ 95. Rf4 Rxf4+ 96. Kxf4 Ke6 97. Kg5 Kf7 98. Kf5 Kf8 99. Ke6 Ke8 100. Kf5 Kf7 101. Ke5 Kf8 102. Ke6 Ke8 103. f7+ Kf8 104. Kf6 1/2-1/2

[Event "Gibraltar Masters 7th"]
[Site "Gibraltar"]
[Date "2009.02.03"]
[Round "8"]
[White "Brown, David"]
[Black "Chidi, Lovinia Sylvia"]
[Result "1/2-1/2"]
[WhiteElo "1932"]
[BlackElo "2005"]
[PlyCount "48"]
[EventDate "2009.01.27"]
[EventType "swiss"]
[EventRounds "10"]
[EventCountry "ENG"]
[SourceTitle "CBM 128 Extra"]
[Source "ChessBase"]
[SourceDate "2009.03.05"]
[SourceVersion "2"]
[SourceVersionDate "2009.03.25"]
[SourceQuality "1"]

1. e4 c5 2. Nf3 d6 3. Nc3 Nf6 4. d4 cxd4 5. Nxd4 a6 6. g3 e5 7. Nb3 b5 8. Bg2 Bb7 9. Bg5 Nbd7 10. 0-0 Be7 11. Qe2 h6 12. Be3 Qc7 13. a3 0-0 14. Rfd1 Rfe8 15. f3 Rac8 16. Qf2 Bc6 17. Bf1 Bb7 18. Rd2 Bf8 19. Rad1 Be7 20. Bh3 Ra8 21. Bf1 Bf8 22. Bg2 Be7 23. Bf1 Bf8 24. Bg2 Be7 1/2-1/2

[Event "Gibraltar Masters 7th"]
[Site "Gibraltar"]
[Date "2009.02.02"]
[Round "7"]
[White "Escandell Atienza, Santiago"]
[Black "Brown, David"]
[Result "1/2-1/2"]
[WhiteElo "1485"]
[BlackElo "1932"]
[PlyCount "81"]
[EventDate "2009.01.27"]
[EventType "swiss"]
[EventRounds "10"]
[EventCountry "ENG"]
[SourceTitle "CBM 128 Extra"]
[Source "ChessBase"]
[SourceDate "2009.03.05"]
[SourceVersion "2"]
[SourceVersionDate "2009.03.25"]
[SourceQuality "1"]

1. e4 e5 2. Nf3 Nc6 3. Bb5 g6 4. d3 Bg7 5. c3 Nge7 6. Be3 0-0 7. Nbd2 d5 8. Bc5 Re8 9. 0-0 a6 10. Ba4 h6 11. Re1 b5 12. Bb3 Be6 13. Qe2 Qd7 14. exd5 Nxd5 15. Qf1 Nf4 16. Bc2 Bf5 17. Ne4 Ne6 18. Rad1 Nxc5 19. Nxc5 Qd5 20. Nb3 Rad8 21. Nh4 Bg4 22. f3 Be6 23. g3 Qd6 24. Qf2 Bd5 25. Re3 Qf6 26. Rde1 Rf8 27. Nc5 a5 28. Ne4 Qe7 29. a3 b4 30. a4 bxc3 31. Nxc3 Be6 32. Nb5 Nd4 33. Nxd4 Rxd4 34. Re4 Qb4 35. Rxd4 exd4 36. Bd1 Rb8 37. Nxg6 fxg6 38. Rxe6 Qxb2 39. Re8+ Kf7 40. Rxb8 Qxb8 41. Qc2 1/2-1/2

[Event "Gibraltar Masters 7th"]
[Site "Gibraltar"]
[Date "2009.01.31"]
[Round "5"]
[White "Compton, Alistair"]
[Black "Brown, David"]
[Result "1-0"]
[WhiteElo "2079"]
[BlackElo "1932"]
[PlyCount "77"]
[EventDate "2009.01.27"]
[EventType "swiss"]
[EventRounds "10"]
[EventCountry "ENG"]
[SourceTitle "CBM 128 Extra"]
[Source "ChessBase"]
[SourceDate "2009.03.05"]
[SourceVersion "2"]
[SourceVersionDate "2009.03.25"]
[SourceQuality "1"]

1. e4 e5 2. Nf3 Nc6 3. Nc3 Nf6 4. Bb5 Bb4 5. 0-0 0-0 6. d3 Bxc3 7. bxc3 d6 8. Bg5 Qe7 9. Re1 Nd8 10. d4 Ne6 11. Bc1 Rd8 12. Nh4 Ne8 13. Nf5 Qf6 14. g3 Nf8 15. Ne3 c6 16. Bf1 Nc7 17. a4 Ng6 18. Rb1 b6 19. Bg2 Rb8 20. Ng4 Qe6 21. h3 Qc4 22. Ne3 Qxc3 23. Bb2 Qa5 24. Nc4 Qxa4 25. Bf1 Ba6 26. Ra1 Qb5 27. Ba3 c5 28. Nxe5 Qe8 29. Nc4 Bb7 30. Bb2 Ra8 31. Qh5 Qd7 32. f4 d5 33. Ne5 Nxe5 34. dxe5 dxe4 35. f5 g6 36. fxg6 fxg6 37. Qh4 Bd5 38. Rad1 Qe6 39. c4 1-0

[Event "Gibraltar Masters 7th"]
[Site "Gibraltar"]
[Date "2009.01.27"]
[Round "1"]
[White "Brown, David"]
[Black "Ogada Osir, Ibrahim"]
[Result "1/2-1/2"]
[WhiteElo "1932"]
[BlackElo "2110"]
[PlyCount "96"]
[EventDate "2009.01.27"]
[EventType "swiss"]
[EventRounds "10"]
[EventCountry "ENG"]
[SourceTitle "CBM 128 Extra"]
[Source "ChessBase"]
[SourceDate "2009.03.05"]
[SourceVersion "2"]
[SourceVersionDate "2009.03.25"]
[SourceQuality "1"]

1. e4 e5 2. Nf3 Nc6 3. Bc4 Bc5 4. d3 Nf6 5. Nc3 d6 6. h3 a6 7. 0-0 h6 8. Be3 0-0 9. d4 exd4 10. Nxd4 Nxd4 11. Bxd4 Bxd4 12. Qxd4 Qe7 13. Rfe1 Qe5 14. Qxe5 dxe5 15. Rad1 Re8 16. Nd5 Nxd5 17. Bxd5 a5 18. Re3 c6 19. Bc4 b5 20. Be2 Be6 21. g3 Red8 22. Rxd8+ Rxd8 23. Rc3 Rd6 24. Kf1 a4 25. Ke1 Kf8 26. Rc5 f6 27. f3 Bd7 28. c4 bxc4 29. Bxc4 Rd4 30. Be2 Ke7 31. Ra5 Kd6 32. Bd1 c5 33. Ra6+ Ke7 34. Ra7 Kd6 35. Ra6+ Ke7 36. Ra8 Ke6 37. Be2 Ke7 38. Ra6 g5 39. g4 Rd6 40. Rxd6 Kxd6 41. Kd2 Kc6 42. Kc3 Kb6 43. Bd3 Ka5 44. Bc4 Kb6 45. b3 axb3 46. Bxb3 Bb5 47. Bc4 Ba4 48. Bb3 Bb5 1/2-1/2